Plan Estratégico y Operativo Presupuesto 2010 (Record no. 9147)

MARC details
000 -LEADER
campo de control de longitud fija 00342nam a2200133Ia 4500
001 - NÚMERO DE CONTROL
campo de control 960
008 - DATOS DE LONGITUD FIJA--INFORMACIÓN GENERAL
campo de control de longitud fija 241024s9999 xx 000 0 und d
082 ## - NÚMERO DE LA CLASIFICACIÓN DECIMAL DEWEY
Número de clasificación RD/370.97293/ID19p/1
100 ## - ENTRADA PRINCIPAL--NOMBRE DE PERSONA
Nombre de persona IDEICE
245 #0 - MENCIÓN DEL TÍTULO
Título Plan Estratégico y Operativo Presupuesto 2010
260 ## - PUBLICACIÓN, DISTRIBUCIÓN, ETC.
Nombre del editor, distribuidor, etc. Santo Domingo
Fecha de publicación, distribución, etc. 2010
901 ## - ELEMENTOS DE DATOS A LOCAL LDA (RLIN)
a 13/12/2010 2:41:36 p.m.

No items available.

© 2024. Todos los Derechos Reservados. Desarrollado por IDEICE